<The> Next Steps in Central America Papers Presented at a Conference Held in Washington, D.C., June 19-21, 1990, Sponsored by the Brookings Institution and the Instituto Centroamericano de Administracion de Empresas

Gespeichert in:
Bibliographische Detailangaben
Weitere Verfasser: Smith, Bruce L.R
Format: Buch
Sprache:Englisch
Veröffentlicht: Washington The Brookings Institution 1991
Ausgabe:1. ed.
Schriftenreihe:Brookings Dialogues on Public Policy
Schlagworte:
Tags: Tag hinzufügen
Keine Tags, Fügen Sie das erste Tag hinzu!

MARC

LEADER 00000nam a2200000 4500
001 c003030
005 20221214102159.7
020 |a 0-8157-5063-3 
041 0 |a eng 
044 |a US 
245 1 0 |a <The> Next Steps in Central America  |b Papers Presented at a Conference Held in Washington, D.C., June 19-21, 1990, Sponsored by the Brookings Institution and the Instituto Centroamericano de Administracion de Empresas  |c Edit. Bruce L.R. Smith 
250 |a 1. ed. 
264 1 |a Washington  |b The Brookings Institution  |c 1991 
300 |a 87 s. 
490 1 |a Brookings Dialogues on Public Policy 
830 0 |a Brookings Dialogues on Public Policy 
610 2 0 |a vývoj hospodársky 
610 2 0 |a transformácia 
610 2 0 |a demokracia 
610 2 0 |a Stredná Amerika 
610 2 0 |a sektor súkromný 
700 1 |a Smith, Bruce L.R.